000 00486nam a2200181Ia 4500
005 20250317122918.0
008 008 250317s9999 xx 000 0 eng d
037 _aTextbook
040 _aFMSL
_beng
_cFMSL
041 _aeng
_2eng
084 _aBobX:8D N2
_qFMSL
100 _aAyres F
_9338786
245 0 _aTheory and problems of matrics
260 _aNY
_bNY, S Chand
_c1962
300 _a219p
942 _cTB
_hBobX:8D N2
999 _c1249127
_d1249127